All nfl players 2025-2026 | Beta - Statistics

General Stats
  • This quiz has been taken 20 times
  • The average score is 15 of 64
Answer Stats
Hint Answer % Correct
QB Patrick Mahomes
80%
QB Josh Allen
67%
WR Keenan Allen
60%
QB Lamar Jackson
53%
QB Bo Nix
47%
QB Caleb Williams
47%
DT Chris Jones
47%
Daniel Jones
47%
QB Geno Smith
47%
WR Ja’marr Chase
47%
WR Jaxon-Smith-Njigba
47%
TE Travis Kelce
47%
QB Drake Maye
40%
QB Brock Purdy
33%
QB Jalen Hurts
33%
QB Joe Burrow
33%
QV Jordan Love
33%
QB Justin Herbert
33%
WR Justin Jefferson
33%
QB Trevor Lawrence
33%
Bryce Young
27%
QB Dak Prescott
27%
WR Davante Adams
27%
TE George Kittle
27%
QB Jared Goff
27%
Jayden Daniels
27%
QB Matthew Stafford
27%
DE Myles Garrett
27%
QB Tua Tagovailoa
27%
WR Tyreek Hill
27%
QB Aaron Rodgers
20%
QB Baker Mayfield
20%
QB CJ Stroud
20%
Justin Fields
20%
QB Sam Darnold
20%
Christian McCaffrey
13%
Derrick Henry
13%
WR DJ Moore
13%
QB JJ Mccarthy
13%
DE Maxx Crosby
13%
WR Mike Evans
13%
QB Russell Wilson
13%
WR Stefon Diggs
13%
Trevon Diggs
13%
TE Trey McBride
13%
Zay Flowers
13%
Cam Ward
7%
WR Deebo Samuel
7%
WR Rashee Rice
7%
WR Tee Higgins
7%
CB Trent Mcduffie
7%
C Creed Humphrey
0%
Devon Witherspoon
0%
K Harrison Butker
0%
Isaiah Pacheo
0%
Jalen Ramsey
0%
WR Jauan Jennings
0%
QB Joe Flacco
0%
Joe Thuney
0%
Josh-Hines-Allen
0%
QB Kyler Murray
0%
L’Jarius Sneed
0%
Mark Andrews
0%
WR Tank Dell
0%
No matching quizzes found
Score Distribution
Percent of People with Each Score
Percentile by Number Answered
Your Score History
You have not taken this quiz